000 01037nam a22002537a 4500
005 20170124103036.0
010 _aB-005748
020 _c175.00
_a8171795245
035 _aB-005748
037 _bCen Lib/Ret
040 _aDPL
_bHN
082 _a
_bचतुर्वे
100 _aचतुर्वेदी, जगदीश
_942803
245 _aकनाटप्लेस /
_cजगदीश चतुर्वेदी
246 _aConnught place
_bby Jagdish Chaturvedi
260 _aनई दिल्ली
_bराधाकृषण प्रकाशन
_c1999
270 _a2/38, अंसारी मार्ग दरिया गंज
_bनई दिल्ली
_e110002
300 _a167पृष्ठ.
_c20सेमी(सजिल्द)
650 _aहिंदी साहित्य
_965476
650 _aहिंदी उपन्यास
_965477
650 _aHindi literature
_965478
650 _aHindi novel
_965479
942 _2ddc
_cHN
_h
_mचतुर्वे
999 _c116237
_d116237